000 00607nam a2200229Ia 4500
005 20250508164456.0
008 008 250505s9999 xx 000 0 hin d
020 _a81-7055-365-2
037 _aTextBook
040 _aFEDL
_beng
_cFEDL
041 _ahin
_2hin
084 _a301.0954, RAJ
_qFEDL
100 _aRajKishor
245 0 _aStri ke liye jagah
260 _aNew Delhi, India
_bVani Prakashan
_c1994
300 _a159p
365 _aINR
_b50
490 _aAaj Ke Prashan 7
650 _aSociology; Women studies
942 _cTB
_h301.0954, RAJ
999 _c1389321
_d1389321